000 00622nam a2200181 a 4500
008 120416s1974 ||||||||||||||||| || u
020 _a0070333181
050 _aTA 642 Kar
100 _aKardestuncer, Hayrettin
245 1 0 _aElementary matrix analysis of structures
260 _aNew York:
_bMcGraw-Hill
_c1974
300 _axvii, 428p. : ill
350 _a0.00
650 _aENGINEERING
650 _aMATRICES
650 _aSTRUCTURAL ANALYSIS (ENGINEERING)
995 _D0.00
_FCBU-MAIN LIBRARY (Kitwe)
_H1
_I9.90
_M1
_UAVAILABLE
_ZAnnex Low-Usage Collection
999 _c41615
_d41615